|
|
|
|
| LEADER |
00000nab a2200000 ar4500 |
| 001 |
vtls010555342 |
| 003 |
SK-MaSNL |
| 005 |
20260305031918.0 |
| 008 |
190318c2013 xo wr|p|||||||000 b|slo |
| 038 |
|
|
|a PPPK
|
| 040 |
|
|
|a PPPKCL
|b slo
|c PPPKCL
|e AACR2
|
| 041 |
0 |
|
|a slo
|
| 044 |
|
|
|a xo
|c SK
|
| 080 |
|
|
|a 614.2:725.511
|2 2001
|
| 080 |
|
|
|a 311+519.2
|2 2001
|
| 245 |
0 |
0 |
|a Pacienti hodnotili
|c [autor] (red)
|
| 610 |
2 |
7 |
|a Všeobecná zdravotná poisťovňa (Slovensko)
|2 pppkcl
|9 29692
|
| 610 |
2 |
7 |
|a Nemocnica Poprad (Poprad, Slovensko)
|2 pppkcl
|9 268221
|
| 610 |
2 |
7 |
|a Vysokošpecializovaný ústav pre pľúcne choroby (Nová Polianka, Slovensko)
|2 pppkcl
|9 1500003
|
| 610 |
2 |
7 |
|a Národný ústav tuberkulózy, pľúcnych chorôb a hrudníkovej chirurgie (Vyšné Hágy, Slovensko)
|2 pppkcl
|9 188301
|
| 610 |
2 |
7 |
|a Sanatórium Dr. Guhra (Tatranská Polianka, Slovensko)
|2 pppkcl
|9 338334
|
| 610 |
2 |
7 |
|a Nemocnica Dr. Vojtecha Alexandra (Kežmarok, Slovensko)
|2 pppkcl
|9 1036158
|
| 610 |
2 |
7 |
|a Nemocnica s poliklinikou (Levoča, Slovensko)
|2 pppkcl
|9 33844
|
| 650 |
0 |
7 |
|a nemocnice
|2 pppkcl
|9 3008
|
| 650 |
0 |
7 |
|a štatistika
|2 pppkcl
|9 778
|
| 651 |
|
7 |
|a Poprad (Slovensko : okres)
|2 pppkcl
|9 28675
|
| 651 |
|
7 |
|a Kežmarok (Slovensko : okres)
|2 pppkcl
|9 51824
|
| 651 |
|
7 |
|a Levoča (Slovensko)
|2 pppkcl
|9 26696
|
| 773 |
0 |
|
|t Podtatranské noviny
|g Roč. LIV, č. 42 (2013), s. 3
|x 1210-2423
|
| 852 |
|
|
|a PPPK
|b KIS3GCP
|
| 999 |
|
|
|c 3317954
|d 3319884
|